[Event "Morbihan-ch 1011"]
[Site "Morbihan"]
[Date "2011.04.02"]
[Round "7.3"]
[White "Duplessy, Franck"]
[Black "Le Marquer, Pierre"]
[Result "1-0"]
[WhiteElo "2086"]
[BlackElo "1820"]
[PlyCount "111"]
[EventDate "2010.10.09"]
[EventType "swiss"]
[EventRounds "7"]
[EventCountry "FRA"]
[SourceTitle "EXT 2014"]
[Source "ChessBase"]
[SourceDate "2013.11.20"]
[SourceVersion "1"]
[SourceVersionDate "2013.11.20"]
[SourceQuality "1"]

1. e4 e5 2. Nf3 Nc6 3. Bb5 a6 4. Ba4 Nf6 5. 0-0 b5 6. Bb3 d6 7. Qe2 Bg4 8. c3 Be7 9. a4 Rb8 10. axb5 axb5 11. Ra6 Qd7 12. Na3 Nd8 13. d4 0-0 14. Nc2 c5 15. Bg5 c4 16. Ba2 Ne6 17. Bxf6 Nf4 18. Qe3 Bxf6 19. Ra1 Bh5 20. Bb1 Nxg2 21. Kxg2 Qg4+ 22. Kf1 Qxf3 23. Qxf3 Bxf3 24. Ne1 Bg4 25. d5 Rfd8 26. Nc2 Bg5 27. Nb4 Bd7 28. Bc2 Bf4 29. Kg1 Be8 30. Bd1 g6 31. Bg4 h5 32. Bh3 Rb7 33. Nc6 Bxc6 34. dxc6 Rc7 35. Bd7 Rdxd7 36. cxd7 Rxd7 37. Rd1 Rb7 38. Rdxd6 b4 39. cxb4 Rxb4 40. Rab6 Rxb6 41. Rxb6 Kf8 42. Rb4 Bc1 43. Kf1 Ke7 44. Ke2 Kd6 45. Kd1 Bf4 46. Rxc4 Bxh2 47. Ke2 Bf4 48. b4 Bg5 49. Rc8 Be7 50. b5 Kd7 51. Rc4 Bd8 52. Kf3 Bb6 53. Rc2 Ba5 54. Rc6 Bc7 55. Ra6 Bb8 56. Kg3 1-0